000 00535cam a22001697a 4500
008 180718b2009 xxu||||| |||| 00| 0 eng d
020 _a8131602044
082 _aB2x54 T39s
100 _aThorat, Sukhadeo
245 _aSocial justice philanthropy: approaches and strategies of funding organizations
_cby Sukhadeo Thorat, Gail Omvedt and Martin Macwan
260 _aJaipur
_bRawat
_c2009
300 _a303p.
650 _aSocial justice --India.
650 _aCharities --India
700 _aMacwan, Martin
700 _aOmvedt, Gail
999 _c413832
_d413832